LEADER 01969oam 2200601M 450 001 9910716177903321 005 20200213070907.8 035 $a(CKB)5470000002518333 035 $a(OCoLC)1065598159 035 $a(OCoLC)995470000002518333 035 $a(EXLCZ)995470000002518333 100 $a20071213d1926 ua 0 101 0 $aeng 135 $aurcn||||||||| 181 $ctxt$2rdacontent 182 $cc$2rdamedia 183 $acr$2rdacarrier 200 10$aAlaska Steamship Co. March 15 (calendar day, March 17), 1926. -- Ordered to be printed 210 1$a[Washington, D.C.] :$c[U.S. Government Printing Office],$d1926. 215 $a1 online resource (4 pages) 225 1 $aSenate report / 69th Congress, 1st session. Senate ;$vno. 389 225 1 $a[United States congressional serial set ] ;$v[serial no. 8527] 300 $aBatch processed record: Metadata reviewed, not verified. Some fields updated by batch processes. 300 $aFDLP item number not assigned. 517 $aAlaska Steamship Co. March 15 606 $aClaims 606 $aGovernment contractors 606 $aLegislative amendments 606 $aPublic contracts 606 $aRescue work 606 $aLifesaving 606 $aShipwrecks 606 $aBorder patrol agents 608 $aLegislative materials.$2lcgft 615 0$aClaims. 615 0$aGovernment contractors. 615 0$aLegislative amendments. 615 0$aPublic contracts. 615 0$aRescue work. 615 0$aLifesaving. 615 0$aShipwrecks. 615 0$aBorder patrol agents. 701 $aCapper$b Arthur$f1865-1951$pRepublican (KS)$01386839 801 0$bWYU 801 1$bWYU 801 2$bOCLCO 801 2$bOCLCQ 801 2$bOCLCO 801 2$bOCLCQ 906 $aBOOK 912 $a9910716177903321 996 $aAlaska Steamship Co. March 15 (calendar day, March 17), 1926. -- Ordered to be printed$93471288 997 $aUNINA LEADER 01893nam0 22004813i 450 001 VAN0263471 005 20231130031820.626 017 70$2N$a9783642824562 100 $a20230920d1985 |0itac50 ba 101 $aeng 102 $aDE 105 $a|||| ||||| 200 1 $aCombinatorial Algorithms on Words$fedited by Alberto Apostolico, Zvi Galil 210 $aBerlin$cSpringer$d1985 215 $aviii, 363 p.$d24 cm 410 1$1001VAN0048879$12001 $aNATO ASI series. Series F: Computer and systems sciences$1210 $aBerlin$cSpringer$v12 606 $a68-XX$xComputer science [MSC 2020]$3VANC019670$2MF 606 $a00B25$xProceedings of conferences of miscellaneous specific interest [MSC 2020]$3VANC020732$2MF 610 $aArea$9KW:K 610 $aCalculus$9KW:K 610 $aCoding$9KW:K 610 $aCoding theory$9KW:K 610 $aCombinatorial algorithms$9KW:K 610 $aCombinatorics$9KW:K 610 $aData Compression$9KW:K 610 $aFormal languages$9KW:K 610 $aLanguages$9KW:K 610 $aMatching$9KW:K 610 $aModels$9KW:K 610 $aPattern Matching$9KW:K 610 $aTuring$9KW:K 620 $dBerlin$3VANL000066 702 1$aApostolico$bAlberto$3VANV217809 702 1$aGalil$bZvi$3VANV217810 712 $aSpringer $3VANV108073$4650 801 $aIT$bSOL$c20240614$gRICA 856 4 $uhttps://doi.org/10.1007/978-3-642-82456-2$zE-book ? Accesso al full-text attraverso riconoscimento IP di Ateneo, proxy e/o Shibboleth 899 $aBIBLIOTECA DEL DIPARTIMENTO DI MATEMATICA E FISICA$1IT-CE0120$2VAN08 912 $fN 912 $aVAN0263471 950 $aBIBLIOTECA DEL DIPARTIMENTO DI MATEMATICA E FISICA$d08CONS e-book 6680 $e08eMF6680 20230927 996 $aCombinatorial Algorithms on Words$93555099 997 $aUNICAMPANIA